Le trame occulte : l'Ajace e la Ricciarda nel percorso teatrale di Ugo Foscolo /

Bibliographic Details
Main Author: Catalano, Ettore, 1946-
Other Authors: Foscolo, Ugo, 1778-1827
Format: Book
Language:Italian
Published: Bari : G. Laterza, [2002]
Series:Biblioteca europea (Bari, Italy) ; 19.
Subjects:

MARC

Tag First Indicator Second Indicator Subfields
LEADER 00000cam a2200000 a 4500
001 in00002004201
005 20151031125130.0
008 040607s2002 it b 000 d ita c
020 |a 8882311813 
029 0 |a C3L  |b 04904988 
035 |a (OCoLC)ocm55608063 
040 |a C3L  |c C3L  |d TXA  |d UtOrBLW 
042 |a pcc 
045 |a v0w1  |a w1w9 
049 |a TXAM 
050 4 |a PQ4691  |b .C343 2002 
082 1 4 |a 852  |2 12 
100 1 |a Catalano, Ettore,  |d 1946- 
245 1 3 |a Le trame occulte :  |b l'Ajace e la Ricciarda nel percorso teatrale di Ugo Foscolo /  |c Ettore Catalano. 
264 1 |a Bari :  |b G. Laterza,  |c [2002] 
264 4 |c ©2002 
300 |a 245 pages ;  |c 22 cm. 
336 |a text  |b txt  |2 rdacontent 
337 |a unmediated  |b n  |2 rdamedia 
338 |a volume  |b nc  |2 rdacarrier 
490 1 |a Biblioteca europea ;  |v 19 
500 |a Includes the plays Ajace and Ricciarda (pp. 129-242) by U. Foscolo. 
504 |a Includes bibliographical references. 
600 1 0 |a Foscolo, Ugo,  |d 1778-1827  |x Criticism and interpretation. 
700 1 2 |a Foscolo, Ugo,  |d 1778-1827.  |t Ajace. 
700 1 2 |a Foscolo, Ugo,  |d 1778-1827.  |t Ricciarda. 
740 0 2 |a Ajace. 
740 0 2 |a Ricciarda. 
830 0 |a Biblioteca europea (Bari, Italy) ;  |v 19. 
938 |a Casalini Libri  |b CASA  |n 04904988  |c 25.82 EUR 
948 |a cataloged  |b h  |c 2004/10/25  |d c  |e fpiscitelli  |f 5:57:06 pm 
994 |a E0  |b TXA 
999 |a MARS 
999 f f |s 4f0b74df-9f03-33fc-b0cd-6b8a31fe4ebe  |i 80cb3ec6-bc69-3035-b364-2b83b8176400  |t 0 
952 f f |p ric  |a Texas A&M University  |b Rellis Campus  |c Joint Library Facility  |d Remote Storage  |t 0  |e PQ4691 .C343 2002  |h Library of Congress classification  |i unmediated -- volume  |m A14832241184 
998 f f |a PQ4691 .C343 2002  |t 0  |l Remote Storage